كتاب المراسيل

Bibliographic Details
Main Authors: أبي حاتم، عبد الرحمن ابن محمد (Author), قوجاني، شكر الله بن نعمة الله (Author)
Format: Book
Language:Arabic
Published: al-Qahirah : Mu'assasah Tabuk lil-Nashr wa-al-Tawzi` , 2010
Subjects:

MARC

LEADER 00000cam a2200000 7i4500
001 0000075615
005 20110908093000.0
008 110728s2010 ua ara
050 0 0 |a BP136.48   |b .A25 2010 
090 0 0 |a BP136.48   |b .A25 2010 
100 1 |a أبي حاتم، عبد الرحمن ابن محمد ,   |e author 
241 1 0 |a Kitab al-marasil   |c tasnif al-hafiz Abi Muhammad 'Abd al-Rahman Ibn Abi Hatim Muhammad Ibn Idris al-Hanzali al-Razi; bi-'inayah Shukr Allah Ibn Ni'mah Allah Qawjani 
245 1 0 |a كتاب المراسيل   |c تصنيف الحافظ أبي محمد عبد الرحمن أبي حاتم محمد بن إدريس الحنظلي الرازي؛ بعناية شكر الله بن نعمة الله قوجاني 
260 |a al-Qahirah :   |b Mu'assasah Tabuk lil-Nashr wa-al-Tawzi` ,   |c 2010 
300 |a 292 p. ;   |c 23 cm. 
504 |a Includes bibliographical references (p. 265-266) and indexes (p. 269-292) 
650 0 |a Hadith   |x Authorities   |v Early works to 1800 
700 1 |a قوجاني، شكر الله بن نعمة الله ,   |e author 
999 |a 1000142831   |b Book   |c OPEN SHELF (30 DAYS)   |e Gong Badak Campus